000 003910000a22001570004500
003 MACL
005 20151231170345.0
008 151231b xxu||||| |||| 00| 0 eng d
040 _aMACL
_cMACL
041 _aEnglish
082 _a390
245 _aA Symposium of Hindu Domestic Reformers and Anti Reformers
260 _aAllahabad
_c1889
650 _aCustoms
_94260
942 _cBK
_k390
_2ddc
999 _c39493
_d39493